| 000 | 00952nam a2200313 i 4500 | ||
|---|---|---|---|
| 001 | bg | ||
| 100 | 1 | _aMORRISON, Jonathan | |
| 245 | 1 | 0 |
_aC++ dla programistów języka Visual Basic / _cJonathan Morrison ; przekł. z jęz. ang. Sławomir Dzieniszewski ; [przedm. Dan Appleman]. |
| 246 |
_iTyt. oryg.: _aC++ for VB programmers |
||
| 260 |
_aWarszawa : _b"Mikom", _c2001. |
||
| 300 |
_a384 s. ; _c24 cm. |
||
| 490 | 1 | _aNowa Biblioteka Programisty | |
| 500 | _aTyt. oryg.: "C++ for VB programmers". | ||
| 504 | _aIndeks. | ||
| 650 | 9 | _aC++ | |
| 650 | 9 | _aVisual C++ | |
| 655 | _aPodręczniki | ||
| 700 | 1 |
_aDZIENISZEWSKI, Sławomir. _eTł. |
|
| 700 | 1 |
_aAPPLEMAN, Dan. _ePrzedm. |
|
| 830 | _aNowa Biblioteka Programisty | ||
| 015 | _aPB 4410/2003 | ||
| 020 | _a837279166X | ||
| 040 | _cBPK | ||
| 041 | 1 |
_apol _heng |
|
| 080 | _a004.438(07)A/Z | ||
| 920 | _a83-7279-166-X | ||
| 942 | _cKS | ||
| 008 | s pl f |000 0 pol | ||
| 999 |
_c46089 _d46089 |
||
| 856 |
_uhttp://koha.tu.koszalin.pl/cgi-bin/koha/opac-detail.pl?biblionumber=46089 _yKatalog online BPK |
||